Hormone related tumors
Gardado en:
| Autor Principal: | |
|---|---|
| Formato: | Libro |
| Idioma: | Undetermined |
| Publicado: |
Tokyo
Japan scientific societies press
1981
|
| Những chủ đề: | |
| Các nhãn: |
Engadir etiqueta
Sen Etiquetas, Sexa o primeiro en etiquetar este rexistro!
|
| Thư viện lưu trữ: | Trung tâm Học liệu Trường Đại học Cần Thơ |
|---|
| LEADER | 00569nam a2200193Ia 4500 | ||
|---|---|---|---|
| 001 | CTU_127197 | ||
| 008 | 210402s9999 xx 000 0 und d | ||
| 082 | |a 616.99 | ||
| 082 | |b N147 | ||
| 100 | |a Nagaswa, Hiroshi | ||
| 245 | 0 | |a Hormone related tumors | |
| 245 | 0 | |c Hiroshi Nagaswa, Kaoru Abe | |
| 260 | |a Tokyo | ||
| 260 | |b Japan scientific societies press | ||
| 260 | |c 1981 | ||
| 650 | |a Cancer,Neoplasms, Hormone | ||
| 650 | |x Endocrine aspects,Congresses,Dependent,Congresses | ||
| 904 | |i Hiếu | ||
| 980 | |a Trung tâm Học liệu Trường Đại học Cần Thơ | ||